Ekonomie zdravotní péče - osobní zdravotní účty
Problematika nákladov na zdravotnú starostlivosť. Zdravotná starostlivosť ako voľný statok. Financovanie zdravotnej starostlivosti, dva prístupy financovania: zdravotné poistenie a zdravotné sporenie. Osobné zdravotné účty. Singapurský systém sociálnej a zdravotnej starostlivosti. Systém osobných zd...
Gespeichert in:
| 1. Verfasser: | |
|---|---|
| Format: | Buchkapitel |
| Sprache: | Tschechisch |
| Schlagworte: | |
| Tags: |
Keine Tags, Fügen Sie das erste Tag hinzu!
|
MARC
| LEADER | 00000naa a2200000 4500 | ||
|---|---|---|---|
| 001 | r044881 | ||
| 005 | 20231004075522.9 | ||
| 041 | 0 | |a cze | |
| 044 | |a CZ | ||
| 245 | 1 | 0 | |a Ekonomie zdravotní péče - osobní zdravotní účty |c Robert Holman |
| 520 | |a Problematika nákladov na zdravotnú starostlivosť. Zdravotná starostlivosť ako voľný statok. Financovanie zdravotnej starostlivosti, dva prístupy financovania: zdravotné poistenie a zdravotné sporenie. Osobné zdravotné účty. Singapurský systém sociálnej a zdravotnej starostlivosti. Systém osobných zdravotných účtov v Juhoafrickej republike. Možnosti osobných zdravotných účtov v Českej republike. | ||
| 610 | 2 | 0 | |a starostlivosť zdravotná |
| 610 | 2 | 0 | |a účty osobné zdravotné |
| 610 | 2 | 0 | |a zdravotníctvo |
| 610 | 2 | 0 | |a zdravotníctvo verejné |
| 610 | 2 | 0 | |a náklady |
| 610 | 2 | 0 | |a financovanie |
| 610 | 2 | 0 | |a statky voľné |
| 610 | 2 | 0 | |a služby verejné |
| 610 | 2 | 0 | |a poistenie zdravotné |
| 610 | 2 | 0 | |a zabezpečenie sociálne |
| 610 | 2 | 0 | |a Singapur |
| 610 | 2 | 0 | |a Juhoafrická republika |
| 610 | 2 | 0 | |a Česko |
| 100 | 1 | |a Holman, Robert | |